Netherlands : Country report March 2007.
| Format: | Book |
|---|---|
| Published: |
London:
The Economist Intelligence Unit,
2007.
|
| Subjects: |
| LEADER | 00410cam a2200133 7i4500 | ||
|---|---|---|---|
| 001 | 0000019390 | ||
| 005 | 20070618090000.0 | ||
| 090 | 0 | 0 | |a NETH 330.9 |b NET |
| 245 | 0 | 0 | |a Netherlands : |b Country report March 2007. |
| 260 | 0 | 0 | |a London: |b The Economist Intelligence Unit, |c 2007. |
| 300 | # | # | |a 28 p. |
| 650 | 0 | 0 | |a Netherlands -- |x Country report |
| 651 | 0 | 0 | |a Netherlands |
| 999 | |a B000020409 |b Book |c Countries |e Business Information Centre | ||